Players to beat Federer, Nadal, and Djokovic at Grand Slams. - Statistics

General Stats
  • This quiz has been taken 778 times
  • The average score is 78 of 110
Answer Stats
Hint Answer % Correct
2008 US Open SF | 2010 Australian Open QF (r) | 2012 US Open F | +2 others Murray
96%
2014 Australian Open 4R | 2014 Australian Open F | 2015 French Open F | +3 others Wawrinka
92%
2008 Australian Open SF | 2010 US Open SF | 2011 Australian Open SF | +14 others Djokovic
91%
2005 French Open SF | 2006 French Open F | 2007 French Open F | +14 others Nadal
91%
2006 Wimbledon F | 2007 Wimbledon F | 2008 US Open SF | +5 others Federer
90%
2009 US Open F | 2009 US Open SF | 2017 US Open QF | 2018 US Open SF (r) del Potro
86%
2017 French Open QF | 2019 French Open SF | 2020 Australian Open QF Thiem
85%
2014 US Open SF | 2018 Australian Open QF (r) Cilic
78%
2008 Australian Open SF | 2010 Australian Open QF | 2011 Wimbledon QF | 2013 French Open QF Tsonga
78%
2007 US Open 4R | 2011 Australian Open QF Ferrer
73%
2009 Australian Open QF Roddick
72%
2009 French Open 4R | 2010 French Open QF Soderling
69%
2014 Wimbledon 4R Kyrgios
67%
2010 Wimbledon QF | 2010 Wimbledon SF | 2012 US Open QF | +2 others Berdych
66%
2019 Australian Open 4R Tsitsipas
66%
2014 US Open SF Nishikori
63%
2005 Australian Open SF | 2008 Wimbledon 2R Safin
60%
2018 Wimbledon QF Anderson
56%
2016 Wimbledon SF Raonic
56%
2019 US Open QF Dimitrov
48%
2020 US Open 4R (d) Carreno Busta
47%
2015 Wimbledon 2R Brown
46%
2015 US Open 3R Fognini
41%
2016 Australian Open 1R Verdasco
40%
2003 US Open 4R Nalbandian
37%
2018 Australian Open 4R Chung
33%
2005 Wimbledon 2R | 2017 Wimbledon 4R Muller
33%
2016 Wimbledon 3R Querrey
32%
2012 Wimbledon 2R Rosol
32%
2018 French Open QF Cecchinato
29%
2017 Australian Open 2R Istomin
29%
2007 Australian Open QF Gonzalez
28%
2004 French Open 3R Kuerten
28%
2013 Wimbledon 1R Darcis
26%
2016 US Open 4R Pouille
25%
2005 US Open 3R Blake
23%
2018 US Open 4R Millman
23%
2015 Australian Open 3R Seppi
23%
2009 Wimbledon QF Haas
22%
2013 US Open 4R Robredo
22%
2013 Wimbledon 2R Stakhovsky
21%
2014 French Open 4R Gulbis
20%
2010 French Open QF Melzer
19%
2006 US Open QF Youzhny
15%
2009 French Open 3R Kohlschreiber
13%
No matching quizzes found
Score Distribution
Percent of People with Each Score
Percentile by Number Answered
Your Score History
You have not taken this quiz